LEADER 01211nam 2200313z- 450 001 9910689473403321 005 20240904103502.0 035 $a(CKB)5470000002332071 035 $a(EXLCZ)995470000002332071 100 $a20230503cuuuuuuuu -u- - 101 0 $aeng 200 10$aH.R. 4528; H. Con. Res. 328; H. Con. Res. 257; S. Con. Res. 81; and H. Con. Res. 348 $emarkup before the Subcommittee on International Operations and Human Rights of the Committee on International Relations, House of Representatives, One Hundred Sixth Congress, second session, June 28, 2000 210 $aWashington 311 $a0-16-064733-9 517 $aH.R. 4528; H. Con. Res. 328; H. Con. Res. 257; S. Con. Res. 81; and H. Con. Res. 348 606 $aForeign study$xFinance 606 $aHuman rights$zBurma 606 $aHuman rights$zChina 606 $aBahais$zIran 606 $aChild soldiers 615 0$aForeign study$xFinance. 615 0$aHuman rights 615 0$aHuman rights 615 0$aBahais 615 0$aChild soldiers. 906 $aBOOK 912 $a9910689473403321 996 $aH.R. 4528; H. Con. Res. 328; H. Con. Res. 257; S. Con. Res. 81; and H. Con. Res. 348$94259815 997 $aUNINA